| 000 | 01386nam a22002177a 4500 | ||
|---|---|---|---|
| 999 |
_c60132 _d60132 |
||
| 003 | Ge_BSU | ||
| 005 | 20230612115245.0 | ||
| 008 | 230612s2007 ge ||||| |||| 00| 0 geo d | ||
| 020 | _a9789941909108 | ||
| 041 | _ageo | ||
| 080 | _a091(=351.1) მ-90 | ||
| 245 |
_aმრავალთავი : _bფილოლოგიურ ისტორიული ძიებანი. ტ. 22 / _cსარედ. კოლ. ცისანა აბულაძე, ზაზა ალექსიძე, ქეთევან ბეზარაშვილი და სხვ. ტომის რედ. დ. კლდიაშვილი, თ. ოთხმეზური. |
||
| 264 |
_aთბილისი, _c2007. |
||
| 700 |
_aაბულაძე, ცისანა _eრედაქტორი _98038 |
||
| 700 |
_aალექსიძე, ზაზა _eრედაქტორი _918629 |
||
| 700 |
_aბეზარაშვილი, ქეთევან და სხვ. _eრედაქტორი _918630 |
||
| 700 |
_aკლდიაშვილი, დ. _eტომის რედაქტორი _918627 |
||
| 700 |
_aოთხმეზური, თ. _eტომის რედაქტორი _913020 |
||
| 856 |
_uhttps://dspace.nplg.gov.ge/bitstream/1234/259126/5/Mravaltavi_2007_N22.pdf _yელ. კატალოგი. pdf |
||
| 942 |
_2udc _cBK |
||